NGO dan dasar penerapan nilai-nilai Islam dalam pentadbiran : kajian kes Angkatan Belia Islam Malaysia (ABIM) /
Saved in:
| Main Author: | |
|---|---|
| Format: | Thesis Book |
| Language: | Malay |
| Published: |
2006.
|
| Subjects: | |
| Tags: |
Add Tag
No Tags, Be the first to tag this record!
|
| LEADER | 01380cam a2200277 a 4500 | ||
|---|---|---|---|
| 001 | u728986 | ||
| 003 | SIRSI | ||
| 005 | 200610111254 | ||
| 008 | 061011s2006 my t 000 0 may m | ||
| 040 | |a UMM |d UME | ||
| 090 | |a JF1338 |b UM 2006 Juma | ||
| 099 | |a JF1338 |b UM 2006 Juma | ||
| 100 | 0 | |a Jumain Amborashang. | |
| 245 | 1 | 0 | |a NGO dan dasar penerapan nilai-nilai Islam dalam pentadbiran : |b kajian kes Angkatan Belia Islam Malaysia (ABIM) / |c Jumain bin Amborashang. |
| 260 | |c 2006. | ||
| 300 | |a xiv, [197] leaves. : |b ill. ; |c 30 cm. | ||
| 502 | |a Dissertation (M.P.A.) -- Fakulti Ekonomi dan Pentadbiran, Universiti Malaya, 2006. | ||
| 504 | |a Bibliography: leaves 129-135. | ||
| 590 | |a Tesis dikeluarkan - rujuk surat dari Fakulti Ekonomi & Pentadbiran UM.E/IT/635 bertarikh 6 Mac 2008. | ||
| 610 | 2 | 0 | |a Angkatan Belia Islam Malaysia. |
| 650 | 0 | |a Islamic ethics |z Malaysia. | |
| 710 | 2 | 0 | |a Universiti Malaya. |b Fakulti Ekonomi dan Pentadbiran. |
| 900 | |a HA | ||
| 596 | |a 1 9 | ||
| 999 | |a JF1338 UM 2006 JUMA |w LC |c 1 |i A512844541 |d 24/11/2006 |f 24/11/2006 |g 1 |l STACKS |m P09EKONOMI |r Y |s Y |t TESIS |u 24/11/2006 |o .STAFF. Rujuk Surat UM.E/IT/635 (Surat Fakulti Ekoonomi dan Pentadbiran) | ||
| 999 | |a JF1338 UM 2006 JUMA |w LC |c 1 |i A512817277 |d 7/11/2007 |e 7/11/2007 |f 15/3/2007 |g 1 |l STACKS |m P01UTAMA |n 1 |r Y |s Y |t TESIS |u 15/3/2007 |o .STAFF. Rujuk Surat UM.E/IT/635 (Surat Fakulti Ekoonomi dan Pentadbiran) | ||
